ELEMEN KECERDASAN SPIRITUAL ISLAM UNTUK PEMIMPIN BELIA / (Record no. 204488)

MARC details
000 -LEADER
fixed length control field 01209nam a2200337 i 4500
003 - CONTROL NUMBER IDENTIFIER
control field OSt
005 - DATE AND TIME OF LATEST TRANSACTION
control field 20260622162722.0
008 - FIXED-LENGTH DATA ELEMENTS--GENERAL INFORMATION
fixed length control field 260602t20242024my gr o001 0 may d
020 ## - INTERNATIONAL STANDARD BOOK NUMBER
International Standard Book Number 9786294862067
Terms of availability RM33.00
Qualifying information paperback
040 ## - CATALOGING SOURCE
Original cataloging agency PPAK
Language of cataloging eng
Transcribing agency PPAK
Description conventions rda
082 04 - DEWEY DECIMAL CLASSIFICATION NUMBER
Edition number 23
Classification number 153.9
090 00 - LOCALLY ASSIGNED LC-TYPE CALL NUMBER (OCLC); LOCAL CALL NUMBER (RLIN)
Classification number (OCLC) (R) ; Classification number, CALL (RLIN) (NR) 153.9
Feature heading SUR
Feature heading G
100 0# - MAIN ENTRY--PERSONAL NAME
Personal name Suriani Sudi,
Titles and words associated with a name Dr.,
Relator term author.
245 10 - TITLE STATEMENT
Title ELEMEN KECERDASAN SPIRITUAL ISLAM UNTUK PEMIMPIN BELIA /
Statement of responsibility, etc. SURIANI SUDI, FARIZA MD SHAM, PHAYILAH YAMA
264 #1 - PRODUCTION, PUBLICATION, DISTRIBUTION, MANUFACTURE, AND COPYRIGHT NOTICE
Place of production, publication, distribution, manufacture Bangi, Selangor :
Name of producer, publisher, distributor, manufacturer PENERBIT UNIVERSITI KEBANGSAAN MALAYSIA,
Date of production, publication, distribution, manufacture, or copyright notice 2024
Date of production, publication, distribution, manufacture, or copyright notice ©2024
300 ## - PHYSICAL DESCRIPTION
Extent 191 pages ;
Dimensions 23 cm
336 ## - CONTENT TYPE
Content type term text
Source rdacontent
337 ## - MEDIA TYPE
Media type term unmediated
Source rdamedia
338 ## - CARRIER TYPE
Carrier type term volume
Source rdacarrier
500 ## - GENERAL NOTE
General note Contains verses from the Qur'an and qoutes from the Hadith.
General note Includes index.
504 ## - BIBLIOGRAPHY, ETC. NOTE
Bibliography, etc. note Bibliography: pages [179]-187.
650 10 - SUBJECT ADDED ENTRY--TOPICAL TERM
Topical term or geographic name entry element Spiritual intelligence
Topical term or geographic name entry element Youth
Topical term or geographic name entry element Government publications
Geographic subdivision Malaysia
Topical term or geographic name entry element Leadership
General subdivision Religious aspects
-- Islam
700 0# - ADDED ENTRY--PERSONAL NAME
Personal name Fariza Md. Sham,
Titles and other words associated with a name Prof. Madya, Dr.,
Dates associated with a name 1970-
Relator term author.
Personal name Phayilah Yama,
Titles and other words associated with a name Dr.,
Relator term author.
942 ## - ADDED ENTRY ELEMENTS (KOHA)
Source of classification or shelving scheme Dewey Decimal Classification
Koha item type Book

No items available.